| 000 | 00734nam a22002297a 4500 | ||
|---|---|---|---|
| 003 | OSt | ||
| 005 | 20260630094919.0 | ||
| 008 | 260630b |||||||| |||| 00| 0 eng d | ||
| 020 | _a0761977635 | ||
| 040 | _cChuka University Library | ||
| 050 |
_aLB 1060 _b.R44 2001 |
||
| 100 |
_aYork-Barr,Jennifer _928852 |
||
| 245 | _aReflective Practice to Improve Schools: An Action Guide For Educators | ||
| 260 |
_aCalifornia _bCorwin Press, Inc. _c2001 |
||
| 300 |
_a170p _bIllustrations |
||
| 650 |
_aLearning, Psychology of. _928280 |
||
| 650 |
_aSelf knowledge, Theory of. _98533 |
||
| 700 |
_aWilliam A. Sommers(Author) _931920 |
||
| 700 |
_aGail S. Ghere(Author) _931921 |
||
| 700 |
_aJo Montie(Author) _931922 |
||
| 942 |
_2lcc _cBK _n0 |
||
| 999 |
_c25559 _d25559 |
||